MCU Cast - Sudden Death - Statistics

General Stats
  • This quiz has been taken 205 times
  • The average score is 9 of 22
Answers on the Grid
Answers color-coded by a green-red scale on the quiz's grid according to % correct below.
Gary Oldman
Bryan Cranston
Bill Paxton
Danny Trejo
Sam Neill
Tom Cruise
Pam Grier
Sofia Boutella
T.I.
Andrew Garfield
Dustin Hoffman
Michael Dudikoff
Harrison Ford
Katey Sagal
Kevin Hart
Joe Pesci
Madonna
Bill Murray
Mr. T
Thomasin McKenzie
Hulk Hogan
Michael Douglas
Marisa Tomei
Matt Damon
Margot Robbie
Michelle Pfeiffer
Jonathan Majors
Jennifer Jason Leigh
Meryl Streep
Julia Roberts
Big Daddy Kane
Megan Thee Stallion
Nicolas Cage
Edward Norton
Stan Lee
Walton Goggins
Tommy Lee Jones
Ben Affleck
Gwyneth Paltrow
John C. Reilly
Michael Rooker
Jonathan Banks
Martin Freeman
Michael Madsen
Elizabeth Taylor
Rob Zombie
Zoe Saldana
Thomas Jane
Glenn Close
 
Answer Stats
Answer % Correct
Andrew Garfield
75%
Stan Lee
72%
Gwyneth Paltrow
65%
Zoe Saldana
62%
Michael Douglas
54%
Marisa Tomei
53%
Edward Norton
50%
Jonathan Majors
48%
Harrison Ford
47%
Michelle Pfeiffer
45%
Martin Freeman
40%
Matt Damon
40%
Megan Thee Stallion
34%
Michael Rooker
34%
John C. Reilly
32%
Bill Murray
29%
Tommy Lee Jones
28%
Glenn Close
26%
Walton Goggins
23%
T.I.
21%
Sam Neill
18%
Rob Zombie
7%
No matching quizzes found
Score Distribution
Percent of People with Each Score
Percentile by Number Answered
Your Score History
You have not taken this quiz